000 01052cad a2200265 4500
001 L158727
008 100215n2013 000 0 eng u
020 _a9781783210305
035 _a(Sirsi) u158727
041 _aeng
100 1 _aSerimagic, Sabina
111 2 _aConstruction and Building Research Conference
_cIIT Delhi, New Delhi
_d10-12 September 2013
245 0 0 _aCultural distance and its effects on cross-cultural training
_h[electronic resource]
260 _aLondon
_bRICS
_c2013
490 0 _aCOBRA
_v2013
520 _aA paper presented at the COBRA Conference in New Delhi on 10-12 September 2013. Looks at the appropriate cross-cultural preparation for project managers and whether this training helps toward their success working in the UAE.
650 2 4 _aCONSTRUCTION AND BUILDING RESEARCH CONFERENCE (COBRA)
650 2 4 _aCULTURAL DIFFERENCES
650 2 4 _aUNITED ARAB EMIRATES
650 2 4 _aPROJECT MANAGER
651 4 _aAustralia
690 _aCAREERS, EDUCATION AND TRAINING
700 1 _aSmith, Jim
942 _n0
999 _c115480
_d115480